Automatic and semi-automatic lathes / (Record no. 19463)
[ view plain ]
| 000 -LEADER | |
|---|---|
| fixed length control field | 00312nam a22001337a 4500 |
| 003 - CONTROL NUMBER IDENTIFIER | |
| control field | OSt |
| 008 - FIXED-LENGTH DATA ELEMENTS--GENERAL INFORMATION | |
| fixed length control field | 250322b |||||||| |||| 00| 0 eng d |
| 041 ## - LANGUAGE CODE | |
| Language code of text/sound track or separate title | eng |
| 082 ## - DEWEY DECIMAL CLASSIFICATION NUMBER | |
| Classification number | 621.942 |
| Item number | BOG/AU |
| 100 ## - MAIN ENTRY--AUTHOR NAME | |
| Personal name | Boguslavsky, B. L |
| 245 ## - TITLE STATEMENT | |
| Title | Automatic and semi-automatic lathes / |
| 300 ## - PHYSICAL DESCRIPTION | |
| Number of Pages | 446p. |
| 942 ## - ADDED ENTRY ELEMENTS (KOHA) | |
| Koha item type | Books |
| Withdrawn status | Lost status | Damaged status | Home library | Current library | Date acquired | Full call number | Accession Number | Koha item type |
|---|---|---|---|---|---|---|---|---|
| KAUAET | KAUAET | 22/03/2025 | 621.942 BOG/AU | 1864 | Books |
